000 00649nam a2200193 4500
001 140511
003 ES-MaACL
005 20230906200108.0
007 t|
008 070214s1961 mx r ||||1| spa d
100 1 _aSeara Vázquez, Modesto.
_9104985
245 1 0 _aIntroducción al Derecho Internacional Cósmico /
_cModesto Seara Vázquez ; prólogo de Isidro Fabela.
250 _a1ª. ed.
260 _aMéxico :
_bUniversidad Nacional Autónoma de México,
_c1961.
300 _a348 p. ;
_c22 cm.
700 1 _aFabela, Isidro.
_948501
710 2 _aUniversidad Nacional Autónoma de México.
_97397
852 _aES-MaACL
_jL-3645
_bR.104746
999 _c140511
_d140511